[Event "Titled Tuesday intern op 23rd Apr Late"]
[Site "Chess.com INT"]
[Date "2024.04.23"]
[Round "9"]
[White "Akhayan, Ruben"]
[Black "Metrick, Andrew"]
[Result "1-0"]
[WhiteElo "2260"]
[BlackElo "2255"]
[PlyCount "57"]
[EventDate "2024.04.23"]
[EventType "swiss (blitz)"]
[EventRounds "11"]
[EventCountry "USA"]
[SourceTitle "CB18_2024"]
[SourceDate "2024.05.01"]
[SourceVersion "1"]
[SourceVersionDate "2024.05.01"]
[SourceQuality "2"]

1. e4 c5 2. Nf3 e6 3. d4 cxd4 4. c3 d3 5. Bxd3 d6 6. 0-0 Nc6 7. c4 Nf6 8. Nc3 Qc7 9. b3 a6 10. Bb2 Be7 11. Rc1 Ne5 12. Bb1 0-0 13. Nd4 b6 14. f4 Ned7 15. Qf3 Bb7 16. Qh3 g6 17. f5 e5 18. fxg6 hxg6 19. Nf5 gxf5 20. Rxf5 Nh7 21. Rcf1 Ndf6 22. Nd5 Bxd5 23. exd5 Kg7 24. Qg3+ Kh8 25. Rxf6 Nxf6 26. Rxf6 Bxf6 27. Qh3+ Bh4 28. Qxh4+ Kg7 29. Qg5+ 1-0

[Event "Titled Tuesday intern op 23rd Apr Late"]
[Site "Chess.com INT"]
[Date "2024.04.23"]
[Round "10"]
[White "Metrick, Andrew"]
[Black "Ruddell, Solomon"]
[Result "1-0"]
[WhiteElo "2255"]
[BlackElo "1993"]
[PlyCount "49"]
[EventDate "2024.04.23"]
[EventType "swiss (blitz)"]
[EventRounds "11"]
[EventCountry "USA"]
[SourceTitle "CB18_2024"]
[SourceDate "2024.05.01"]
[SourceVersion "1"]
[SourceVersionDate "2024.05.01"]
[SourceQuality "2"]

1. e4 g6 2. d4 Bg7 3. Nc3 d6 4. f4 e6 5. Nf3 Ne7 6. Be2 b6 7. 0-0 0-0 8. Be3 c5 9. Qd2 Nbc6 10. Rad1 cxd4 11. Nxd4 Bb7 12. Bf3 d5 13. exd5 exd5 14. Nxc6 Bxc6 15. Bd4 Bxd4+ 16. Qxd4 Rc8 17. g4 Qc7 18. Bg2 Bb7 19. Rfe1 Rfe8 20. Nb5 Qb8 21. Qf6 Nc6 22. Nd6 Rxe1+ 23. Rxe1 Rf8 24. Bxd5 Qc7 25. Nxf7 1-0

[Event "Titled Tuesday intern op 12th Mar Late"]
[Site "Chess.com INT"]
[Date "2024.03.12"]
[Round "6"]
[White "Grahn, Vidar"]
[Black "Metrick, Andrew"]
[Result "1-0"]
[WhiteElo "2226"]
[BlackElo "2255"]
[PlyCount "61"]
[EventDate "2024.03.12"]
[EventType "swiss (blitz)"]
[EventRounds "11"]
[EventCountry "USA"]
[SourceTitle "CB12_2024"]
[SourceDate "2023.10.01"]
[SourceVersion "1"]
[SourceVersionDate "2023.10.01"]
[SourceQuality "1"]

1. e4 c5 2. Nc3 Nc6 3. Bb5 Nd4 4. Nf3 a6 5. Bd3 b5 6. Nxd4 cxd4 7. Ne2 e5 8. 0-0 Nf6 9. f4 d6 10. c3 dxc3 11. bxc3 Be7 12. Bc2 0-0 13. d4 Bb7 14. Ng3 exd4 15. cxd4 d5 16. e5 Ne4 17. Nxe4 dxe4 18. Be3 f5 19. Bb3+ Kh8 20. d5 Bb4 21. a3 Ba5 22. d6 Bb6 23. Qe2 Bxe3+ 24. Qxe3 Re8 25. Rac1 Bc8 26. Rc7 Be6 27. Bxe6 Rxe6 28. Rfc1 h6 29. Qg3 Qe8 30. d7 Qf8 31. Rc8 1-0

[Event "Titled Tuesday intern op 12th Mar Late"]
[Site "Chess.com INT"]
[Date "2024.03.12"]
[Round "3"]
[White "Metrick, Andrew"]
[Black "Iljiushenok, Ilia"]
[Result "0-1"]
[WhiteElo "2255"]
[BlackElo "2558"]
[PlyCount "60"]
[EventDate "2024.03.12"]
[EventType "swiss (blitz)"]
[EventRounds "11"]
[EventCountry "USA"]
[SourceTitle "CB12_2024"]
[SourceDate "2023.10.01"]
[SourceVersion "1"]
[SourceVersionDate "2023.10.01"]
[SourceQuality "1"]

1. e4 c6 2. d4 d5 3. e5 Bf5 4. h4 h6 5. Bd3 Bxd3 6. Qxd3 e6 7. Nf3 c5 8. c3 Nc6 9. 0-0 Rc8 10. a3 cxd4 11. cxd4 Nge7 12. g3 Nf5 13. Rd1 h5 14. Nc3 Be7 15. Bg5 f6 16. exf6 gxf6 17. Bf4 Kf7 18. b4 Rg8 19. Kh2 Rg4 20. Rac1 Qd7 21. b5 Na5 22. Na4 Nc4 23. Nc5 Bxc5 24. dxc5 Qxb5 25. Rb1 Qa6 26. Nd2 Nxd2 27. Qxd2 Rxc5 28. Rb4 Qc6 29. Rdb1 b6 30. R4b2 Rc4 0-1

[Event "Titled Tuesday intern op 23rd Jan Late"]
[Site "Chess.com INT"]
[Date "2024.01.23"]
[Round "10"]
[White "Metrick, Andrew"]
[Black "Zhukov, Maksim"]
[Result "1/2-1/2"]
[WhiteElo "2255"]
[BlackElo "1835"]
[PlyCount "113"]
[EventDate "2024.01.23"]
[EventType "swiss (blitz)"]
[EventRounds "11"]
[EventCountry "USA"]
[SourceTitle "CB05_2024"]
[SourceDate "2024.01.31"]
[SourceVersion "1"]
[SourceVersionDate "2024.01.31"]
[SourceQuality "1"]

1. d4 c5 2. d5 e6 3. Nc3 Nf6 4. e4 d6 5. Nf3 exd5 6. exd5 Be7 7. Be2 0-0 8. 0-0 a6 9. a4 Nbd7 10. a5 Rb8 11. Nd2 b5 12. axb6 Nxb6 13. Nc4 Nxc4 14. Bxc4 a5 15. Bf4 Re8 16. b3 Nd7 17. Qd2 Ne5 18. Bxe5 dxe5 19. Rad1 Bd6 20. Bb5 Bd7 21. Bxd7 Qxd7 22. Ne4 Rb4 23. Rfe1 f5 24. Nc3 Rd4 25. Qg5 h6 26. Qg6 Bc7 27. Qc6 Qxc6 28. dxc6 Kf7 29. Nd5 Bd6 30. c4 Rc8 31. Ra1 Rxc6 32. Rxa5 e4 33. g3 Rc8 34. Rb5 Rb8 35. Rxb8 Bxb8 36. Ra1 g5 37. Ra8 Be5 38. Ra7+ Ke6 39. Re7+ Kd6 40. Rh7 f4 41. Rxh6+ Kd7 42. gxf4 gxf4 43. Kg2 f3+ 44. Kh3 Rd2 45. Kg4 Rxf2 46. Kf5 Rxh2 47. Rxh2 Bxh2 48. Kxe4 f2 49. Ne3 Kc6 50. Nf1 Bg1 51. Kf3 Kb6 52. Ke2 Ka5 53. Nd2 Kb4 54. Ne4 Kxb3 55. Nxc5+ Kxc4 56. Ne4 Kd4 57. Nxf2 1/2-1/2

[Event "Titled Tuesday intern op 16th Jan Late"]
[Site "Chess.com INT"]
[Date "2024.01.16"]
[Round "1"]
[White "Ambartsumova, Karina"]
[Black "Metrick, Andrew"]
[Result "1-0"]
[WhiteElo "2418"]
[BlackElo "2255"]
[PlyCount "77"]
[EventDate "2024.01.16"]
[EventType "swiss (blitz)"]
[EventRounds "11"]
[EventCountry "USA"]
[SourceTitle "CB04_2024"]
[SourceDate "2023.10.16"]
[SourceVersion "1"]
[SourceVersionDate "2023.10.16"]
[SourceQuality "1"]

1. d4 Nf6 2. c4 g6 3. g3 Bg7 4. Bg2 0-0 5. Nc3 d6 6. Nf3 Nc6 7. 0-0 a6 8. Bf4 Rb8 9. Rc1 Nh5 10. Bg5 h6 11. Be3 e5 12. Qd2 Kh7 13. dxe5 dxe5 14. Qxd8 Rxd8 15. Nd5 Rd7 16. Bh3 f5 17. g4 fxg4 18. Bxg4 Rf7 19. Bxc8 Rxc8 20. Rcd1 Nf4 21. Rd2 Nxd5 22. cxd5 Ne7 23. Rc1 Nf5 24. Bb6 e4 25. Nd4 Nd6 26. Bc5 Bxd4 27. Rxd4 Re8 28. Rb4 Ref8 29. Rf1 Rf5 30. Bxd6 cxd6 31. Rxe4 R8f7 32. Rd4 Rg5+ 33. Kh1 Rff5 34. e4 Rf4 35. f3 Rh4 36. Rf2 Rgh5 37. Rc4 Rf4 38. Rc7+ Kg8 39. Rxb7 1-0

[Event "Titled Tuesday intern op 16th Jan Early"]
[Site "Chess.com INT"]
[Date "2024.01.16"]
[Round "4"]
[White "Metrick, Andrew"]
[Black "Abel Mathewos, Tilahun"]
[Result "1-0"]
[WhiteElo "2255"]
[BlackElo "1953"]
[PlyCount "87"]
[EventDate "2024.01.16"]
[EventType "swiss (blitz)"]
[EventRounds "11"]
[EventCountry "USA"]
[SourceTitle "CB04_2024"]
[SourceDate "2023.10.16"]
[SourceVersion "1"]
[SourceVersionDate "2023.10.16"]
[SourceQuality "1"]

1. e4 e6 2. d4 d5 3. e5 c5 4. c3 Bd7 5. Nf3 Qb6 6. Bd3 cxd4 7. cxd4 Bb5 8. 0-0 Bxd3 9. Qxd3 Nc6 10. Nc3 Nge7 11. Rd1 Rc8 12. Rb1 Na5 13. b3 Ng6 14. g3 Bb4 15. Bb2 0-0 16. Rbc1 Qa6 17. Qe3 Rc7 18. h4 Rfc8 19. Ne2 Rxc1 20. Rxc1 Rxc1+ 21. Nxc1 Qc6 22. Qd3 h6 23. h5 Nf8 24. g4 Be7 25. Ne2 Nh7 26. Bc1 a6 27. Bd2 Qc7 28. Ne1 Nc6 29. f4 Nb4 30. Qb1 Bh4 31. Nf3 Be7 32. Nc1 Qc2 33. Qxc2 Nxc2 34. Kf2 Ba3 35. Nd3 b5 36. Ke2 a5 37. Kd1 Na1 38. Bxa5 b4 39. Bxb4 Bxb4 40. Nxb4 Nf8 41. Kc1 Nd7 42. Kb2 Nxb3 43. Kxb3 Nb6 44. a4 1-0

[Event "Titled Tuesday intern op 16th Jan Early"]
[Site "Chess.com INT"]
[Date "2024.01.16"]
[Round "2"]
[White "Metrick, Andrew"]
[Black "Chor, Kevin"]
[Result "0-1"]
[WhiteElo "2255"]
[BlackElo "1944"]
[PlyCount "66"]
[EventDate "2024.01.16"]
[EventType "swiss (blitz)"]
[EventRounds "11"]
[EventCountry "USA"]
[SourceTitle "CB04_2024"]
[SourceDate "2023.10.16"]
[SourceVersion "1"]
[SourceVersionDate "2023.10.16"]
[SourceQuality "1"]

1. e4 c5 2. Nf3 Nc6 3. d4 cxd4 4. Nxd4 g6 5. Nc3 Bg7 6. Be3 Nf6 7. Bc4 0-0 8. Bb3 d6 9. f3 Bd7 10. Qd2 Na5 11. 0-0-0 Nxb3+ 12. axb3 a5 13. Kb1 a4 14. b4 a3 15. b3 Qc7 16. Na2 Rfd8 17. g4 e5 18. Ne2 Be6 19. g5 Nh5 20. Nec3 Nf4 21. Nd5 Nxd5 22. exd5 Bf5 23. h4 Rdc8 24. Rh2 Qd7 25. h5 Rxc2 26. Qxc2 Rc8 27. Rc1 Rxc2 28. Rcxc2 gxh5 29. Kc1 Bxc2 30. Rxc2 Qf5 31. Rf2 h4 32. Nc3 Qd3 33. Nd1 Qxb3 0-1

[Event "Titled Tuesday intern op 16th Jan Early"]
[Site "Chess.com INT"]
[Date "2024.01.16"]
[Round "6"]
[White "Metrick, Andrew"]
[Black "Subramanian, Anusha"]
[Result "0-1"]
[WhiteElo "2255"]
[BlackElo "2013"]
[PlyCount "60"]
[EventDate "2024.01.16"]
[EventType "swiss (blitz)"]
[EventRounds "11"]
[EventCountry "USA"]
[SourceTitle "CB04_2024"]
[SourceDate "2023.10.16"]
[SourceVersion "1"]
[SourceVersionDate "2023.10.16"]
[SourceQuality "1"]

1. e4 e6 2. d4 d5 3. e5 c5 4. c3 Nc6 5. Nf3 Qb6 6. Bd3 Bd7 7. 0-0 cxd4 8. cxd4 Nge7 9. Kh1 Ng6 10. Nc3 Be7 11. Rb1 0-0 12. Be3 Rac8 13. Qe2 Nb4 14. g3 Nxd3 15. Qxd3 Bb4 16. h4 h6 17. h5 Ne7 18. g4 a6 19. Rg1 Bxc3 20. bxc3 Bb5 21. Qd2 Qc6 22. Rbc1 Kh7 23. g5 Nf5 24. gxh6 gxh6 25. Rg4 Rg8 26. Rcg1 Qc4 27. Rxg8 Rxg8 28. Rxg8 Kxg8 29. Ng1 Qd3 30. Qe2 Qxe2 0-1

[Event "Titled Tuesday intern op 16th Jan Early"]
[Site "Chess.com INT"]
[Date "2024.01.16"]
[Round "9"]
[White "Metrick, Andrew"]
[Black "Yurasova, Daria"]
[Result "0-1"]
[WhiteElo "2255"]
[BlackElo "2005"]
[PlyCount "36"]
[EventDate "2024.01.16"]
[EventType "swiss (blitz)"]
[EventRounds "11"]
[EventCountry "USA"]
[SourceTitle "CB04_2024"]
[SourceDate "2023.10.16"]
[SourceVersion "1"]
[SourceVersionDate "2023.10.16"]
[SourceQuality "1"]

1. e4 e5 2. Nf3 Nc6 3. Bc4 Bc5 4. c3 Nf6 5. d3 d6 6. Bb3 a6 7. 0-0 h6 8. Nbd2 Ba7 9. h3 g5 10. Nh2 g4 11. hxg4 Rg8 12. Nc4 Nxg4 13. Be3 Nxh2 14. Kxh2 Qh4+ 15. Kg1 Qh3 16. g3 Bg4 17. f3 Qxg3+ 18. Kh1 Qh3+ 0-1

[Event "Eastern Class-ch 3rd"]
[Site "USA"]
[Date "1994.03.13"]
[Round "5"]
[White "Metrick, Andrew"]
[Black "Bryan, Jarod J"]
[Result "0-1"]
[WhiteElo "2314"]
[BlackElo "2216"]
[PlyCount "52"]
[EventDate "1994.03.??"]
[EventType "swiss"]
[EventRounds "5"]
[EventCountry "USA"]
[SourceTitle "EXT 2004"]
[Source "ChessBase"]
[SourceDate "2003.11.25"]
[SourceVersion "1"]
[SourceVersionDate "2003.11.25"]
[SourceQuality "1"]

1. e4 c5 2. Nf3 d6 3. Bb5+ Bd7 4. Bxd7+ Nxd7 5. 0-0 Ngf6 6. Nc3 g6 7. Ng5 h6 8. Nh3 Bg7 9. f4 b5 10. Nxb5 Nxe4 11. Qe2 a6 12. Qxe4 axb5 13. Re1 Bd4+ 14. Kh1 0-0 15. Qxe7 Qxe7 16. Rxe7 Rfe8 17. Rxe8+ Rxe8 18. g3 c4 19. c3 Bb6 20. d4 cxd3 21. Bd2 Re2 22. Rd1 Nf6 23. Ng1 Rf2 24. Nh3 Ng4 25. Nxf2 Nxf2+ 26. Kg2 Nxd1 0-1

[Event "World op 17th"]
[Site "Philadelphia"]
[Date "1989.??.??"]
[Round "4"]
[White "Sahu, Sekhar Chandra"]
[Black "Metrick, Andrew"]
[Result "1-0"]
[WhiteElo "2260"]
[BlackElo "2240"]
[PlyCount "95"]
[EventDate "1989.06.??"]
[EventType "swiss"]
[EventRounds "10"]
[EventCountry "USA"]
[SourceTitle "EXT 1997"]
[Source "ChessBase"]
[SourceDate "1996.11.15"]
[SourceVersion "1"]
[SourceVersionDate "1996.11.15"]
[SourceQuality "1"]

1. e4 c5 2. Nf3 e6 3. d4 cxd4 4. Nxd4 Nc6 5. Nc3 Qc7 6. g3 a6 7. Bg2 Nf6 8. 0-0 Be7 9. Be3 0-0 10. h3 d6 11. g4 Ne5 12. g5 Nfd7 13. Nce2 Nc4 14. Bc1 b5 15. Nf4 Nc5 16. Nh5 Bb7 17. b3 Nb6 18. Re1 Rfd8 19. Qg4 Bf8 20. Bb2 e5 21. Nf5 Ne6 22. Re2 a5 23. Rae1 a4 24. Bc1 Kh8 25. Qh4 axb3 26. cxb3 Nd4 27. Nxd4 exd4 28. Nf4 g6 29. Nd5 Qc5 30. Nf6 h6 31. gxh6 Be7 32. Bg5 d3 33. Rd2 Qe5 34. Nh7 Bxg5 35. Nxg5 Qe7 36. Rxd3 f6 37. Nf3 Rxa2 38. Nd4 b4 39. Rf3 Nd7 40. Rg3 Kh7 41. Nf5 Qf8 42. Rc1 Nc5 43. Qg4 gxf5 44. Qxf5+ Kh8 45. Rg7 Qxg7 46. hxg7+ Kg8 47. e5 Bxg2 48. Qxf6 1-0